000 00797nam a2200277Ia 4500
003 GCL
008 140319s9999 xx 000 0 ara d
040 _aGCL /
_cGCL
082 0 4 _a370.15
_bا ع
100 1 _aاحمد زكى صالح
245 1 0 _aعلم النفس التربوى /
_cاحمد زكى صالح
260 _aالقاهرة :
_bمكتبة النهضة المصرية ،
_c1992
300 _a870 ص ؛
_c24 سم
650 0 4 _aالتعليم
650 0 4 _aعلم النفس
650 0 4 _aنظريات
650 0 4 _aالشخصية
650 0 4 _aعلم النفس التربوى
650 0 4 _aالمراهقة
650 0 4 _aالسلوك
650 0 4 _aالطفولة
650 0 4 _aالعقل
650 0 4 _aالتوجية
650 0 4 _aالنمو
942 _2ddc
_cBK
999 _c29783
_d29783